| 000 | 00875nam a22002897a 4500 | ||
|---|---|---|---|
| 001 | 000703 | ||
| 003 | DO-SdBNP | ||
| 005 | 20240308083318.0 | ||
| 007 | 000703 | ||
| 008 | 161115b 2011 dr a |||| 00| 0 spa d | ||
| 020 | _a9789945197952 | ||
| 040 |
_aBPMSU _bspa _cBPMSU |
||
| 082 | 4 |
_aA863.6 _bM779hc 2011 _222 |
|
| 100 | 1 |
_a Montes, Graciela _d1947- |
|
| 245 | 1 | 0 |
_aHabía una vez una [casita] / _cGraciela Montes, Saúl Oscar Rojas |
| 260 |
_aSanto Domingo : _bLoqueleo, _c2011 |
||
| 300 |
_a[26] p. : _bil. ; _c17 cm. |
||
| 490 | 0 | _aPictocuentos. | |
| 500 | _aPre - Lectores | ||
| 500 | _aIncluye datos de los autores | ||
| 590 | _aInventariado, 2023/VM | ||
| 650 | 4 | _aCuentos infantiles argentinos | |
| 650 | 4 | _aLibros ilustrados infantiles | |
| 700 | 1 |
_aRojas, Saùl Oscar _eautor |
|
| 910 | _aVMateo V. Control de calidad BPMSU | ||
| 942 |
_2ddc _cBK |
||
| 999 |
_c14500 _d14500 |
||